000
00245nam a22001097a 4500
008
140110t xxu||||| |||| 00| 0 eng d
100
_a
Jacques Barzun
_9
620
245
_a
The Modern Researcher
250
_a
6th Ed
300
_a
340
942
_2
ddc
_c
BK
999
_c
16882
_d
16882